000 00646nam a2200181 a 4500
008 120416s1997 ||||||||||||||||| || u
020 _a0821338528
050 _aIBRD(08)DP
100 _aSchmidt-Hebbel, Klaus
245 1 0 _aSaving across the world: puzzles and policies
260 _aWashington, D. C.
_bWorld Bank
_c1997
300 _axii, 159p. : ill.
350 _a0.00
490 _aWorld Bank Discussion Papers
650 _aSAVING AND INVESTMENT--CASE STUDIES
700 _aServen, Luis
995 _D0.00
_FCBU-MAIN LIBRARY (Kitwe)
_H1
_I0.00
_M1
_UAVAILABLE
_ZInternational Publications
999 _c56982
_d56982